Online Catalogue and eLibrary

Salaam Bombay! (Record no. 1177)

MARC details
000 -LEADER
fixed length control field 00432nam a2200169Ia 4500
005 - DATE AND TIME OF LATEST TRANSACTION
control field 20250325031715.0
008 - FIXED-LENGTH DATA ELEMENTS--GENERAL INFORMATION
fixed length control field 240331s9999 xx 000 0 und d
020 ## - INTERNATIONAL STANDARD BOOK NUMBER
ISBN 0140127240
082 ## - DDC Classification
Class No. 302.234
Item Number - Author Mark NAI
DDC Edition Number 933
100 ## - MAIN ENTRY--PERSONAL NAME
Personal name Nair, M
100 ## - MAIN ENTRY--PERSONAL NAME
Personal name Taraporevala, S
245 #0 - TITLE STATEMENT
Title Salaam Bombay!
260 ## - PUBLICATION, DISTRIBUTION, ETC.
Place of publication, distribution, etc. New Delhi
Name of publisher, distributor, etc. Penguin Books
Date of publication, distribution, etc. 1989
300 ## - PHYSICAL DESCRIPTION
Extent (e.g. Volumes, Pages etc.) xi, 204 p.,
500 ## - GENERAL NOTE
General note How the film "Salaam Bombay!" was made.
942 ## - Koha item type (Biblio)
Koha item type Books in Stacks (Lending)
Holdings
Lost status Damaged status Collection code Home library Current library Shelving location Date acquired Full call number Accession Number Item type
    Lending WERC Library WERC Library Social Science Cupboard 03/31/2024 302.234 NAI 933 Books in Stacks (Lending)

© WERC Library